<?xml version="1.0" encoding="UTF-8"?>
<record
    xmlns:xsi="http://www.w3.org/2001/XMLSchema-instance"
    xsi:schemaLocation="http://www.loc.gov/MARC21/slim http://www.loc.gov/standards/marcxml/schema/MARC21slim.xsd"
    xmlns="http://www.loc.gov/MARC21/slim">

  <leader>01772nam a22003137a 4500</leader>
  <controlfield tag="005">2008111702102.0</controlfield>
  <controlfield tag="008">081117t        xxu||||| |||| 00| 0 hin d</controlfield>
  <datafield tag="010" ind1=" " ind2=" ">
    <subfield code="a">HIN-84934</subfield>
  </datafield>
  <datafield tag="020" ind1=" " ind2=" ">
    <subfield code="a">8190183966</subfield>
    <subfield code="c">200.00</subfield>
  </datafield>
  <datafield tag="035" ind1=" " ind2=" ">
    <subfield code="a">HN-57280</subfield>
  </datafield>
  <datafield tag="037" ind1=" " ind2=" ">
    <subfield code="b">DBAD / PUB</subfield>
  </datafield>
  <datafield tag="040" ind1=" " ind2=" ">
    <subfield code="a">DPL</subfield>
    <subfield code="b">HN</subfield>
  </datafield>
  <datafield tag="082" ind1=" " ind2=" ">
    <subfield code="a">629.450092</subfield>
  </datafield>
  <datafield tag="100" ind1=" " ind2=" ">
    <subfield code="a">&#x905;&#x902;&#x91C;&#x932;&#x940;</subfield>
  </datafield>
  <datafield tag="245" ind1=" " ind2=" ">
    <subfield code="a">&#x92D;&#x93E;&#x930;&#x924; &#x915;&#x940; &#x92C;&#x947;&#x91F;&#x940;&#x903;&#x938;&#x941;&#x928;&#x940;&#x924;&#x93E; &#x935;&#x93F;&#x932;&#x93F;&#x92F;&#x92E;&#x94D;&#x938; /</subfield>
    <subfield code="c">&#x905;&#x902;&#x91C;&#x932;&#x940;</subfield>
  </datafield>
  <datafield tag="246" ind1=" " ind2=" ">
    <subfield code="a">Bharat ke beti:Sunita Williams</subfield>
    <subfield code="b">by Anjali</subfield>
  </datafield>
  <datafield tag="260" ind1=" " ind2=" ">
    <subfield code="a">&#x926;&#x93F;&#x932;&#x94D;&#x932;&#x940;</subfield>
    <subfield code="b">&#x938;&#x941;&#x92D;&#x93E;&#x937; &#x91A;&#x928;&#x94D;&#x926;&#x94D;&#x930; &#x90F;&#x902;&#x921; &#x938;&#x902;&#x938;</subfield>
    <subfield code="c">2008</subfield>
  </datafield>
  <datafield tag="270" ind1=" " ind2=" ">
    <subfield code="a">WZ-841, &#x924;&#x940;&#x938;&#x930;&#x940; &#x92E;&#x902;&#x91C;&#x93F;&#x932;, &#x92E;&#x94C;&#x939;&#x932;&#x94D;&#x932;&#x93E; &#x92C;&#x922;&#x93C;&#x93F;&#x92F;&#x93E;&#x932;, &#x92C;&#x93E;&#x91F;&#x93E; &#x91A;&#x94C;&#x915;, &#x92A;&#x93E;&#x932;&#x92E; &#x917;&#x93E;&#x901;&#x935;</subfield>
    <subfield code="b">&#x926;&#x93F;&#x932;&#x94D;&#x932;&#x940;</subfield>
    <subfield code="e">110045</subfield>
  </datafield>
  <datafield tag="300" ind1=" " ind2=" ">
    <subfield code="a">120&#x92A;&#x943;</subfield>
    <subfield code="c">22&#x938;&#x947;&#x92E;&#x940; (&#x938;&#x91C;&#x93F;&#x932;&#x94D;&#x926;)</subfield>
    <subfield code="b">&#x938;&#x91A;&#x93F;&#x924;&#x94D;&#x930;</subfield>
  </datafield>
  <datafield tag="600" ind1=" " ind2=" ">
    <subfield code="a">Williams, Sunita, 1965-</subfield>
  </datafield>
  <datafield tag="600" ind1=" " ind2=" ">
    <subfield code="a">&#x935;&#x93F;&#x932;&#x93F;&#x92F;&#x92E;&#x94D;&#x938;,  &#x938;&#x941;&#x928;&#x940;&#x924;&#x93E;, 1965-</subfield>
  </datafield>
  <datafield tag="650" ind1=" " ind2=" ">
    <subfield code="a">&#x905;&#x902;&#x924;&#x930;&#x93F;&#x915;&#x94D;&#x937; &#x92F;&#x93E;&#x924;&#x94D;&#x930;&#x940;</subfield>
    <subfield code="x">&#x91C;&#x940;&#x935;&#x928;&#x940;</subfield>
    <subfield code="z">&#x938;&#x902;&#x92F;&#x941;&#x915;&#x94D;&#x924; &#x930;&#x93E;&#x91C;&#x94D;&#x92F;</subfield>
  </datafield>
  <datafield tag="650" ind1=" " ind2=" ">
    <subfield code="a">Astronauts</subfield>
    <subfield code="x">Biography</subfield>
    <subfield code="z">United States</subfield>
  </datafield>
  <datafield tag="650" ind1=" " ind2=" ">
    <subfield code="a">&#x905;&#x902;&#x924;&#x930;&#x93F;&#x915;&#x94D;&#x937; &#x92F;&#x93E;&#x924;&#x94D;&#x930;&#x940;</subfield>
    <subfield code="x">&#x91C;&#x940;&#x935;&#x928;&#x940;</subfield>
    <subfield code="z">&#x92D;&#x93E;&#x930;&#x924;</subfield>
  </datafield>
  <datafield tag="650" ind1=" " ind2=" ">
    <subfield code="a">Astronauts</subfield>
    <subfield code="x">Biography</subfield>
    <subfield code="z">India</subfield>
  </datafield>
  <datafield tag="942" ind1=" " ind2=" ">
    <subfield code="2">ddc</subfield>
    <subfield code="c">HN</subfield>
    <subfield code="m">&#x905;&#x902;&#x91C;&#x932;&#x940;</subfield>
    <subfield code="h">629.450092</subfield>
  </datafield>
  <datafield tag="999" ind1=" " ind2=" ">
    <subfield code="c">18481</subfield>
    <subfield code="d">18481</subfield>
  </datafield>
  <datafield tag="952" ind1=" " ind2=" ">
    <subfield code="0">0</subfield>
    <subfield code="1">0</subfield>
    <subfield code="2">ddc</subfield>
    <subfield code="4">0</subfield>
    <subfield code="7">1</subfield>
    <subfield code="8">NFIC</subfield>
    <subfield code="a">DBAD</subfield>
    <subfield code="b">DBAD</subfield>
    <subfield code="d">2008-11-17</subfield>
    <subfield code="e">DBAD / PUB</subfield>
    <subfield code="g">200.00</subfield>
    <subfield code="l">0</subfield>
    <subfield code="o">629.450092 &#x905;&#x902;&#x91C;&#x932;&#x940;</subfield>
    <subfield code="p">HN-57280</subfield>
    <subfield code="r">2008-11-17 00:00:00</subfield>
    <subfield code="t">1</subfield>
    <subfield code="v">200.00</subfield>
    <subfield code="w">2008-11-17</subfield>
    <subfield code="y">HN</subfield>
  </datafield>
  <datafield tag="952" ind1=" " ind2=" ">
    <subfield code="0">0</subfield>
    <subfield code="1">0</subfield>
    <subfield code="2">ddc</subfield>
    <subfield code="4">0</subfield>
    <subfield code="7">0</subfield>
    <subfield code="8">NFIC</subfield>
    <subfield code="a">JP</subfield>
    <subfield code="b">JP</subfield>
    <subfield code="d">2009-09-16</subfield>
    <subfield code="e">DBAD / PUB </subfield>
    <subfield code="g">200.00</subfield>
    <subfield code="l">25</subfield>
    <subfield code="o">629.450092 &#x905;&#x902;&#x91C;&#x932;&#x940;</subfield>
    <subfield code="p">B-358287</subfield>
    <subfield code="r">2013-06-14 00:00:00</subfield>
    <subfield code="s">2013-06-13</subfield>
    <subfield code="t">1</subfield>
    <subfield code="v">200.00</subfield>
    <subfield code="w">2009-09-16</subfield>
    <subfield code="y">HN</subfield>
  </datafield>
</record>
